000 00699cab a2200229 4500
001 WB3401-10
008 090401t1997 xxu||||| |||| 00| 0 eng d
035 _a(Sirsi) u82726
041 _aeng
245 _aPACE looks to private sector
260 _c1997
350 _a0
490 _aEstates Gazette
_v(9750) 13 December 1997, 26(1)
520 _aPACE is to invite developers and property companies to form joint ventures aimed at speeding up the disposal of empty government buildings.
650 _aGOVERNMENT BUILDINGS
650 _aPACE
650 _aPRIVATE SECTOR
650 _aPROPERTY DISPOSALS
690 _aPROPERTY-COMMERCIAL PROPERTY
942 _n0
948 _c16/12/1997
999 _c52248
_d52248